000 00770nam a2200193 a 4500
001 000016226
005 20200929164328.0
008 100301s1986 dr a 001 0 spa d
040 _aDO-SdBNP
_bspa
_cBNPHU
082 _axxx
_bR789m
100 1 _aRosario Mota, Gumersindo
_936276
245 1 0 _aMetodología para calcular índice de salario normal y su aplicación en la economía dominicana /
_cGumersindo Rosario Mota, Teresa del Pilar Hidalgo Flores.
260 _aSanto Domingo :
_bBanco Central de la República Dominicana,
_c1986.
300 _a308 p. :
_bil. ;
_c22 cm.
500 _aIncluye datos biográficos de los autores en las solapas
504 _aIncluye bibliografías [p. 307-308]
700 1 _aHidalgo Flores, Teresa del Pilar
_936277
049 _aBNPD
999 _c15764
_d15764